| 000 | 00903nam a2200229Ia 4500 | ||
|---|---|---|---|
| 003 | GCL | ||
| 008 | 140319s9999 xx 000 0 ara d | ||
| 040 |
_aGCL / _cGCL |
||
| 082 | 0 | 4 |
_a253.26 _bم ح |
| 100 | 1 | _aمحمد رامز عبدالفتاح العزيزى | |
| 245 | 1 | 0 |
_aالحكم الشرعى للبيع بالتقسيط مع الزيادة فى ثمن السلعة بسبب الاجل : _bفقه مقارن / _cمحمد رامز عبدالفتاح العزيزى |
| 250 | _aالاولى | ||
| 260 |
_aالاردن : _bدار ابن الجوزى ، _c2005 |
||
| 300 |
_a96 ص ؛ _c24 سم |
||
| 490 |
_aسلسلة الاقتصاد الاسلامى _v6 |
||
| 650 | 0 | 4 | _aالبيع |
| 650 | 0 | 4 | _aالمعاملات (فقه أسلامى) |
| 650 | 0 | 4 | _aالبيع - احكام |
| 650 | 0 | 4 | _aالبيع - حكمه ودليله |
| 650 | 0 | 4 | _aالبيع بالتقسيط |
| 942 |
_2ddc _cBK |
||
| 999 |
_c10092 _d10092 |
||